Logo Biblioteca

Callejón sin salida / (Registro nro. 928)

Detalles MARC
000 -LEADER
fixed length control field 01502nam a22003497a 4500
003 - CONTROL NUMBER IDENTIFIER
control field AR-BaRoUNCS
005 - DATE AND TIME OF LATEST TRANSACTION
control field 20260305085940.0
007 - PHYSICAL DESCRIPTION FIXED FIELD--GENERAL INFORMATION
fixed length control field ta
008 - FIXED-LENGTH DATA ELEMENTS--GENERAL INFORMATION
fixed length control field 131009s2009 ag gr 001 f spa
015 ## - NATIONAL BIBLIOGRAPHY NUMBER
National bibliography number AR-2009
020 ## - INTERNATIONAL STANDARD BOOK NUMBER
International Standard Book Number 978-987-1565-12-2
040 ## - CATALOGING SOURCE
Original cataloging agency AR-BaBN
Language of cataloging spa
Transcribing agency AR-RoUNCS
Description conventions aacr
041 1# - LANGUAGE CODE
Language code of text/sound track or separate title spa
Language code of original eng
044 ## - COUNTRY OF PUBLISHING/PRODUCING ENTITY CODE
MARC country code ag
ISO country code ar-c
080 1# - UNIVERSAL DECIMAL CLASSIFICATION NUMBER
Universal Decimal Classification number 82-32(73)
Edition identifier 2016
100 1# - MAIN ENTRY--PERSONAL NAME
Personal name Collins, Wilkie,
Dates associated with a name 1824-1889
Relator term autor
Relationship aut
245 10 - TITLE STATEMENT
Title Callejón sin salida /
Statement of responsibility, etc. Wilkie Collins y Charles Dickens ; [traducción de Laura Pizzi].
250 ## - EDITION STATEMENT
Edition statement 1a ed.
260 ## - PUBLICATION, DISTRIBUTION, ETC.
Place of publication, distribution, etc. Ciudad Autónoma de Buenos Aires :
Name of publisher, distributor, etc. Letra Impresa,
Date of publication, distribution, etc. 2009.
300 ## - PHYSICAL DESCRIPTION
Extent 174 p. ;
Dimensions 20 cm.
490 0# - SERIES STATEMENT
Series statement Generación Z
500 ## - GENERAL NOTE
General note Título original: No thoroughfare.
500 ## - GENERAL NOTE
General note Incluye material para analizar la obra.
520 3# - SUMMARY, ETC.
Summary, etc. Una novela de suspenso escrita por dos maestros del género: Wilkie Collins y Charles Dickens. Entre dudas, engaños, desencuentros y el peligro siempre latente de una trampa mortal, sus personajes viven una historia de amor, intriga y revelaciones. <br/>El misterio siempre se hace presente en esta novela que debe leerse desde el principio al fin, sin abandonarla ni por un instante. (Notas del editor)
650 #7 - SUBJECT ADDED ENTRY--TOPICAL TERM
Source of heading or term embne
Topical term or geographic name entry element Literatura inglesa
655 #7 - INDEX TERM--GENRE/FORM
Genre/form data or focus term Novelas cortas
Source of term embne
655 #7 - INDEX TERM--GENRE/FORM
Genre/form data or focus term Novelas de suspense
Source of term embne
700 1# - ADDED ENTRY--PERSONAL NAME
Personal name Dickens, Charles,
Dates associated with a name 1812-1870
700 1# - ADDED ENTRY--PERSONAL NAME
Personal name Pizzi, Laura
Relator term traductora
Relationship trl
751 ## - ADDED ENTRY-GEOGRAPHIC NAME
Geographic name Buenos Aires
Relator term lugar de publicación
Relationship pup
942 ## - ADDED ENTRY ELEMENTS (KOHA)
Source of classification or shelving scheme Universal Decimal Classification
Koha item type Obra General
Suppress in OPAC No
Existencias
Withdrawn status Lost status Source of classification or shelving scheme Damaged status Not for loan Collection Home library Current library Date acquired Source of acquisition Total checkouts Full call number Barcode Date last seen Price effective from Koha item type
    Universal Decimal Classification     Colección General Biblioteca Escuela de Ciencias Sociales Biblioteca Escuela de Ciencias Sociales 05/03/2026 Donación 2023   82-32(73) C712 000199 05/03/2026 05/03/2026 Obra General
Biblioteca de la Escuela Preuniversitaria en Ciencias Sociales y Humanísticas.
Riobamba 250 bis.
CP 2000 - Rosario - Santa Fe
E-Mail: biblioteca@esociales.unr.edu.ar